Drużyny z Warszawy - Statystyki

Ogólne statystyki
  • Ten quiz został rozwiązany 12 razy
  • Średni wynik to 12 z 47
Statystyki odpowiedzi
liga drużyna % Poprawnych
Ekstraklasa Legia Warszawa
100%
I Liga Polonia Warszawa
100%
IV Liga Hutnik Warszawa
64%
IV Liga Ursus Warszawa
64%
V Liga Escola Varsovia Warszawa
55%
IV Liga KTS Weszło Warszawa
45%
Liga okręgowa Okęcie Warszawa
45%
B Klasa Polonez Warszawa
45%
B Klasa Coco Jambo Warszawa
36%
V Liga Drukarz Warszawa
36%
Liga okręgowa Unia Warszawa
36%
A Klasa City Wilanów
27%
Liga okręgowa Grom Warszawa
27%
B Klasa Inter Warszawa
27%
B Klasa KKS Żoliborz
27%
A Klasa KS Wesoła
27%
B Klasa Marymont Warszawa
27%
Liga okręgowa Olimpia Warszawa
27%
A Klasa PKS Radość
27%
A Klasa Przyszłość Włochy
27%
IV Liga Talent Warszawa
27%
A Klasa Victoria Warszawa
27%
B Klasa AON Rembertów
18%
Liga okręgowa Białe Orły Warszawa
18%
Liga okręgowa Delta Warszawa
18%
B Klasa Impuls Warszawa
18%
B Klasa KS Wilanów
18%
A Klasa Świt Warszawa
18%
B Klasa Victoria Zerzeń
18%
B Klasa Agape Białołęka
9%
B Klasa Amigos Warszawa
9%
A Klasa AP Brychczy Warszawa
9%
A Klasa AP EsKadra Warszawa
9%
A Klasa AP FFK Warszawa
9%
B Klasa Błyskawica Warszawa
9%
Liga okręgowa Champion Warszawa
9%
B Klasa Farmacja Tarchomin
9%
B Klasa Jedność Warszawa
9%
B Klasa Kamionek Warszawa
9%
B Klasa KS AFC Warszawa
9%
B Klasa Piorun Warszawa
9%
A Klasa Płudy Warszawa
9%
Liga okręgowa Progres Warszawa
9%
Liga okręgowa PRO Warszawa
9%
A Klasa Sarmata Warszawa
9%
B Klasa Warszawiak Warszawa
9%
A Klasa SEMP Ursynów
0%
Nie znaleziono quizów pasujących do podanych kryteriów
Rozkład punktacji
Procent ludzi z każdym wynikiem
Percentyl według liczby udzielonych odpowiedzi
Twoja historia wyników
Nie rozwiązałeś tego quizu